| Record ID | ia:contractorsofcha0000jame |
| Source | Internet Archive |
| Download MARC XML | https://archive.org/download/contractorsofcha0000jame/contractorsofcha0000jame_marc.xml |
| Download MARC binary | https://www.archive.org/download/contractorsofcha0000jame/contractorsofcha0000jame_meta.mrc |
LEADER: 02976cam 2200745Ia 4500
001 ocm08158625
003 OCoLC
005 20221109210253.0
008 820216s1981 at a b 001 0 eng d
007 ta
010 $a 81469077
040 $aMTH$beng$cMTH$dOCL$dAUT$dOCL$dMUQ$dOCLCQ$dNLGGC$dUX1$dOCLCG$dYDXCP$dOCLCQ$dZCU$dOCLCF$dOCLCO$dOCLCQ$dBUB$dU3G$dQE2$dIL4J6$dOCLCO
015 $aAus$q(v. 1)
019 $a233387385$a507620447$a1086681835
020 $a0959600531
020 $a9780959600537
020 $a095960054X
020 $a9780959600544
020 $a0959600515$q(v. 1)
020 $a9780959600513$q(v. 1)
035 $a(OCoLC)8158625$z(OCoLC)233387385$z(OCoLC)507620447$z(OCoLC)1086681835
041 1 $aeng$hfre
043 $ae-fr---
050 4 $aNA5551.C5$bJ36 1981
055 03 $aNA5551C5$bJ3513
082 04 $a690/.66/094451$a726/.6/094451$219
084 $a15.70$2bcl
084 $a21.70$2bcl
100 1 $aJames, John,$d1931-
245 14 $aThe contractors of Chartres /$cJohn James.
246 3 $aChartres, les constructeurs
250 $a2nd ed.
260 $aWyong, Australia :$bMandorla ;$aLondon :$bCroom Helm,$c1981.
300 $a2 volumes :$billustrations ;$c29 cm
336 $atext$btxt$2rdacontent
337 $aunmediated$bn$2rdamedia
338 $avolume$bnc$2rdacarrier
500 $a"Chapters I-V were first published in French 1977, chapters VI-XII in 1979, and chapters XIII-XXII in 1981 ... Chapters I-V were first published in English 1978 ..."
500 $aIndex in v. 2.
504 $aIncludes bibliographical references (v. 1, pages 288-292).
610 20 $aCathédrale de Chartres.
650 0 $aChurch architecture$xTechnique.
650 0 $aArchitecture, Gothic$zFrance$zChartres.
650 0 $aReligious architecture$xTechnique.
610 24 $aChartres Cathedral.
610 26 $aCathédrale Notre-Dame (Chartres, France)
650 6 $aArchitecture religieuse$xTechnique.
650 6 $aArchitecture gothique$zFrance$zChartres.
650 6 $aArchitecture chrétienne$xTechnique.
610 27 $aCathédrale de Chartres.$2fast$0(OCoLC)fst00513024
650 7 $aArchitecture, Gothic.$2fast$0(OCoLC)fst00813758
650 7 $aChurch architecture$xTechnique.$2fast$0(OCoLC)fst00860579
651 7 $aFrance$zChartres.$2fast$0(OCoLC)fst01202798
610 27 $aCathédrale de Chartres.$2nli
650 7 $aArchitecture, Gothic$zFrance$zChartres.$2nli
650 7 $aChurch architecture$xTechnique.$2nli
650 7 $aCathedrals$zFrance$zChartres.$2nli
651 7 $aChartres (France)$xChurches.$2nli
776 08 $iOnline version:$aJames, John, 1931-$tContractors of Chartres.$b2nd ed.$dWyong, Australia : Mandorla ; London : Croom Helm, 1981$w(OCoLC)572604544
938 $aYBP Library Services$bYANK$n1143780
029 1 $aNLGGC$b830036342
029 1 $aNZ1$b4053803
029 1 $aAU@$b000056778668
994 $aZ0$bGTX
948 $hNO HOLDINGS IN GTX - 131 OTHER HOLDINGS